Normal view
MARC view
Entry Personal Name
001 - CONTROL NUMBER
- control field: 57787
003 - CONTROL NUMBER IDENTIFIER
- control field: dpl
005 - DATE AND TIME OF LATEST TRANSACTION
- control field: 20231011151643.0
008 - FIXED-LENGTH DATA ELEMENTS
- fixed length control field: 231011|| aca||aabn | a|a d
040 ## - CATALOGING SOURCE
- Original cataloging agency: dpl
- Transcribing agency: dpl
100 ## - HEADING--PERSONAL NAME
- Personal name: Bharath,Gita
670 ## - SOURCE DATA FOUND
- Source citation: Work cat.: (dpl)198753: Bharath,Gita, Traverse 2019-2020/, 2020
